F1 Drivers by Nickname - Statistics

General Stats
  • This quiz has been taken 383 times
  • The average score is 11 of 15
Answer Stats
Nickname Years active in F1 Answer Origin of nickname % Correct
Mexican Minister of Defence 2011-present Sergio "Checo" Pérez Named for his exceptional displays of defensive driving while at Red Bull Racing, most notably at the Turkish GP and Abu Dhabi GP in 2021.
97%
Smooth Operator 2015-present Carlos Sainz Jr. Self-named. Sainz' nickname became particularly well-known during his time at McLaren, when he regularly referred to it in post-race team radio messages.
95%
The Iceman 2001-2009, 2012-2021 Kimi Räikkönen Named for his famously cold personality off-track, and his ability to stay calm under pressure on-track.
95%
The Honey Badger 2011-present Daniel Ricciardo Named for his fearless driving style, with Ricciardo being well known for his ability to out-brake opponents.
90%
The Hulk 2010-2020, 2022 Nico Hülkenberg Named for the fictional character, though primarily because of his similar surname, rather than any physical or mental characteristics.
90%
Britney 2006-2016 Nico Rosberg Named after singer Britney Spears by the Williams mechanics because of Rosberg's blond hair and cosmopolitan upbringing.
88%
The Flying Finn 1991-2001 Mika Häkkinen Named for his speed, in analogy with the age-old "Flying Dutchman" and "Flying Scotsman" names.
80%
The Professor 1980-1991, 1993 Alain Prost Named for his intellectual approach to racing, only risking what he strictly needed to win races and championships, and nothing more.
79%
El Maestro 1950-1951, 1953-1958 Juan Manuel Fangio Named for his utter dominance of F1 in the sport's formative years; Fangio would remain the most statistically successful driver in F1 history for half a century.
65%
Torpedo 2013-2017, 2019-2020 Daniil Kvyat Named by fellow driver Sebastian Vettel after Kvyat caused several high-profile and preventable crashes.
64%
The Phoenix 2009, 2011-2020 Romain Grosjean Named after his dramatic crash at the 2020 Bahrain GP, where Grosjean stepped out of his car after it had erupted into a fireball as the fuel tank tore open.
54%
Mr. Monaco 1958-1975 Graham Hill Hill won the Monaco Grand Prix five times between 1963 and 1969.
52%
The Flying Scot 1965-1973 Jackie Stewart Named for his speed, in analogy with the age-old "Flying Dutchman" and "Flying Scotsman" names.
50%
Red Five 1980-1992, 1994-1995 Nigel Mansell Due to pure coincidence, Mansell raced for many years for a team eligible to use the numbers 5 and 6 under F1's old car numbering system, and so the number 5 became associated with him long before F1 introduced personal car numbers.
43%
SuperSwede 1970-1978 Ronnie Peterson Peterson is considered by many to be the best racing driver ever to hail from Sweden.
38%
No matching quizzes found
Score Distribution
Percent of People with Each Score
Percentile by Number Answered
Your Score History
You have not taken this quiz